LDR 00691nam a2200181 i 4500 001 000000228389 003 CaOOAMICUS 005 20260409124720.0 008 140409s1986 it u000 u mul u 040 $aSeMil$bita 245 10$aParte prima :$bTedesco - Italiano. 300 $aXIV, 986 p. ;$c25 cm. 773 0 $tTedesco-italiano. Italiano-tedesco.$dFirenze : Sansoni, 1986.$b2. ed. con un supplemento$kDizionari Sansoni$w()29698 850 $aSeMil 852 $aSeMil$W1$xVenegono$y1$mSL1.A IV 15/1$j269962$B178735$CSeMilBibl$Z2$F190150 $8I 961 $aOmaggio: Altro 996 $6245$aParte prima :$bTedesco - Italiano$9(OLS)http://semarc/title/326916